Didáctica de la educación física. Un enfoque constructivista.

Guardat en:
Dades bibliogràfiques
Autor principal: Contreras Jordán, Onofre Ricardo (autor)
Format: Desconegut
Publicat: Barcelona, España: INDE Publicaciones, 2009.
Edició:Tercera edición.
Matèries:
Etiquetes: Afegir etiqueta
Sense etiquetes, Sigues el primer a etiquetar aquest registre!

MARC

LEADER 00000 a2200000 4500
003 CL-VaPUC
005 20221219130452.0
008 220816t2009 ||||| |||| 00| 0 eng d
999 |c 439774  |d 439772 
020 |a 978-84-9729-167-5 
040 |c Pontificia Universidad Católica de Valparaíso 
082 7 |a 372.86 CON 2009  |2 22 
100 |a Contreras Jordán, Onofre Ricardo  |9 430504  |e autor 
245 1 |a Didáctica de la educación física.  |b Un enfoque constructivista.  
250 |a Tercera edición. 
260 |a Barcelona, España:  |b INDE Publicaciones,  |c 2009. 
300 |a 322 páginas.  
583 |k GC  |c 20220816 
650 |a Educación física   |x Desarrollo del currículum   |9 875598 
942 |2 ddc  |c BK 
952 |0 0  |1 0  |2 ddc  |4 0  |6 372_860000000000000_CON_2009  |7 0  |8 A  |9 588343  |a BIBEDU  |b BIBEDU  |c GEN  |d 2022-12-19  |e 3  |g 26418.00  |i 5656136  |o 372.86 CON 2009  |p 5656136  |r 2022-12-19  |t 1  |v 26418.00  |w 2022-12-19  |y BK  |k EFI